00386nam a2200145Ia 4500008004100000020001500041041001200056082001600068100001800084245007600102260002500178300000800203650001400211700001500225221030s9999 xx 000 0 und d a0070540578 aEnglish a105.23bRob aEd. Robinsons 0aSecurity for Microsoft Visual Basic . Netcby Ed. Robinsons, M. J. Bond bTMHaNew Delhic2003 a396 aComputers aM. J. Bond